Statistics for Japanese: City Names in Katakana - English Edition

Click here to take the quiz!

General Stats

  • This quiz has been taken 88 times
  • The average score is 11 of 20

Answer Stats

% Correct
ニューヨークNew York City
100%
オタワOttawa
77%
ダブリンDublin
74%
グラスゴーGlasgow
69%
シアトルSeattle
69%
ケープタウンCape Town
67%
ラゴスLagos
67%
ウィニペグWinnipeg
63%
ジョージタウンGeorgetown
60%
ヒューストンHouston
59%
ニューオーリンズNew Orleans
57%
パースPerth
56%
バーミンガムBirmingham
49%
カルガリーCalgary
49%
ハリファックスHalifax
47%
クリーブランドCleveland
46%
オークランドAuckland
44%
プネーPune
43%
リーズLeeds
24%
スウォンジーSwansea
20%

Score Distribution

Percentile by Number Answered

Percent of People with Each Score

Your Score History

You have not taken this quiz